000 01218nam a2200217Ia 4500
999 _c35724
_d35724
001 1599
003 GE_BSU
005 20210324150638.0
008 181216s2011||||ge |||||||||||||| ||geo||
041 _ageo
080 _a665.6(083.7) ჩ-96
100 _aჩხაიძე, დავით.
_96067
245 _aგაზომვების მეთოდების შემმუშავებელი ამერიკული საზოგადოების (ASTM) ზოგიერთი სატანდართული ანალიზის მიმოხილვა.ნაწ.2.
_bსასწავლო მეთოდიკა ნავთობისა და გაზის სპეციალობისათვის /
_cდავით ჩხაიძე ; მადონა ლორია ; რედ. ანზორ აბშილავა.
264 _aბათუმი,
_c2011.
300 _a49 გვ .:
_c19 სმ.
653 _aნავთობი
653 _aგაზი
700 _aლორია, მადონა
_95254
700 _aაბშილავა, ანზორ
_eრედაქტორი
_96233
942 _cBK
_2udc